Personnages de My Little Pony par image - Facile - Statistiques

Statistiques générales
  • Ce quiz a été pris 117 fois
  • Le résultat moyen est 9 sur 15
Statistiques - réponses
Par images Réponse % Correct
Discord
95%
Big McIntosh
76%
Granny Smith
73%
King Sombra
70%
Queen Chrysalis
64%
Shining Armor
63%
Cup Cake
58%
Daring Do
55%
Diamond Tiara
55%
Flurry Heart
47%
Carrot Cake
45%
Derpy
45%
Lord Tirek
41%
Sunburst
38%
Cozy Glow
34%
Aucun quiz correspondant
Distribution des résultats
% des personnes avec chaque résultat
Percentile par nombre de réponses
Votre historique - résultats
Vous n’avez pas pris ce quiz